000 00703nam a2200289Ia 4500
005 20260324133940.0
008 008 260324s9999 xx 000 0 eng d
020 _a9780203988800
037 _aEBOOK
040 _aCRL
040 _beng
040 _cCRL
041 _2eng
041 _aeng
084 _qCRL
100 _aPeter Weinreich; Wendy Saunderson
_91194991
245 0 _aAnalysing Identity
245 0 _bCross-Cultural, Societal and Clinical Contexts
260 _bTaylor and Francis
260 _c2002
365 _a
365 _b230
856 _uhttp://www.taylorfrancis.com/books/9780203988800
942 _cEBOOK
999 _c1794574
_d1794574